Normal view MARC view

Entry Nome pessoal

Number of records used in: 1

001 - NÚMERO DE CONTROLE

  • campo de controle: 339

003 - IDENTIFICADOR DO NÚMERO DE CONTROLE

  • campo de controle: Br

005 - DATA E HORÁRIO DA ÚLTIMA TRANSAÇÃO

  • campo de controle: 20250131081240.0

008 - CAMPO DE DADOS FIXOS

  • campo de controle de tamanho fixo: 980831|| acnnnaab| aaaa d

035 ## - NÚMERO DE CONTROLE DO SISTEMA

  • Número de Controle do Sistema: 98083114250222E17

040 ## - FONTE DA CATALOGAÇÃO

  • Instituição da catalogação original: Br
  • Instituição que transcreveu o registro: Br
  • Idioma da catalogação: por

100 1# - CABEÇALHO--NOME PESSOAL

  • Nome pessoal: Dailey, Janet,
  • Datas associadas ao nome: 1944-2013

400 1# - REMISSIVA VER--NOME PESSOAL

  • Nome pessoal: Dawley, Janet
  • Datas associadas ao nome: 1944-2013

670 ## - FONTE POSITIVA DOS DADOS

  • Citação da fonte positiva dos dados: Autor de: Quando o amor é mais forte...c1978.

670 ## - FONTE POSITIVA DOS DADOS

  • Citação da fonte positiva dos dados: Seu: "A noite do desejo"...c1984
  • Dados encontrados na fonte localizada no subcampo: (/Janet Dawley).

670 ## - FONTE POSITIVA DOS DADOS

  • Citação da fonte positiva dos dados: LC on-line, 28/08/98
  • Dados encontrados na fonte localizada no subcampo: (rem. e d.n.).

670 ## - FONTE POSITIVA DOS DADOS

  • Citação da fonte positiva dos dados: CA-FGV, 28/12/96.

670 ## - FONTE POSITIVA DOS DADOS

  • Citação da fonte positiva dos dados: Seu: Com vinho e sangue. 2014
  • Dados encontrados na fonte localizada no subcampo: (p. [1]: Janet Dailey, 1944-2013, nasceu em Iowa, nos Estados Unidos; escreveu um total de 57 livros, dos quais cinquenta formaram a coleção: Janet Dailey American Series; seu primeiro sucesso que esteve na lista de best-selers do New York Times foi A Carícia do Vento, outras obras famosas são; Orgulho e Castigo, Uma Terra Encantada, Caminho sem Volta e Jura Secreta)

670 ## - FONTE POSITIVA DOS DADOS

  • Citação da fonte positiva dos dados: https://authorities.loc.gov/ 03/09/2018

Powered by Koha